Ekonomické riadenie v podnikoch cestnej dopravy
Úloha ekonomického riadenia - controllingu v podniku. V rámci realizácie controllingu v podniku je nevyhnutná zmena myslenia. Jedným z aspektov ekonomického riadenia je ekonomická kategória nákladov. Výkonové náklady. Pohotovostné náklady.
Saved in:
| Main Author: | |
|---|---|
| Format: | Book Chapter |
| Language: | Slovak |
| Subjects: | |
| Tags: |
No Tags, Be the first to tag this record!
|
MARC
| LEADER | 00000naa a2200000 4500 | ||
|---|---|---|---|
| 001 | r041198 | ||
| 005 | 20231003123755.5 | ||
| 041 | 0 | |a slo | |
| 044 | |a CZ | ||
| 245 | 1 | 0 | |a Ekonomické riadenie v podnikoch cestnej dopravy |c Oľga Poniščiaková |
| 520 | |a Úloha ekonomického riadenia - controllingu v podniku. V rámci realizácie controllingu v podniku je nevyhnutná zmena myslenia. Jedným z aspektov ekonomického riadenia je ekonomická kategória nákladov. Výkonové náklady. Pohotovostné náklady. | ||
| 610 | 2 | 0 | |a doprava cestná |
| 610 | 2 | 0 | |a riadenie hospodárske |
| 610 | 2 | 0 | |a kontroling |
| 610 | 2 | 0 | |a podnik dopravný |
| 610 | 2 | 0 | |a náklady |
| 100 | 1 | |a Poniščiaková, Oľga | |